| 000 | 00823 a2200313 4500 | ||
|---|---|---|---|
| 999 |
_c200001865 _d28929 |
||
| 001 | 200001865 | ||
| 003 | TR-AnTOB | ||
| 005 | 20190620095851.0 | ||
| 008 | 100908s2010 tu 000 0 | ||
| 020 | _a9786053953173 | ||
| 040 |
_aTR-AnTOB _cTR-AnTOB |
||
| 041 | 0 | _atur | |
| 050 | 0 | 0 | _aPL115 |
| 090 | _aPL115.Ü53 2010 | ||
| 100 | 0 |
_aÜnalan, Şükrü _970361 |
|
| 245 | 0 | 0 |
_aDil ve kültür / _cŞükrü Ünalan. |
| 250 | _a4. bs. | ||
| 264 | 1 |
_aAnkara : _bNobel, _c2010. |
|
| 300 |
_a256s.; _c21 cm. |
||
| 336 |
_2rdacontent _atext _btxt |
||
| 337 |
_2rdamedia _aunmediated _bn |
||
| 338 |
_2rdacarrier _avolume _bnc |
||
| 490 | 0 |
_aNobel yayın ; _v1507 |
|
| 650 | 0 | 0 |
_969879 _aTurkish language _xHistory |
| 650 | 0 | 0 |
_927850 _aTürk dili _xTarih |
| 700 | 1 |
_aÜnalan, Şükrü _970361 |
|
| 942 |
_cBK _2lcc |
||